Estatísticas para Adjetivos pátrios dos estados do Brasil

Clique aqui para jogar o quiz

Estatísticas Gerais

  • Esse quiz foi jogado 75 vezes
  • A pontuação média é 20 de 26

Estatísticas das Respostas

EstadoAdjetivo% Correto
São PauloPaulista
100%
BahiaBaiano
96%
Minas GeraisMineiro
96%
ParaíbaParaibano
94%
Espírito SantoCapixaba
93%
CearáCearense
93%
PernambucoPernambucano
93%
Rio de JaneiroFluminense
91%
Rio Grande do SulGaúcho
91%
GoiásGoiano
91%
ParanáParanaense
91%
SergipeSergipano
90%
AlagoasAlagoano
88%
Mato GrossoMato-grossense
84%
AcreAcreano
82%
MaranhãoMaranhense
81%
ParáParaense
81%
AmazonasAmazonense
78%
Santa CatarinaCatarinense
75%
PiauíPiauiense
75%
AmapáAmapaense
66%
TocantinsTocantinense
54%
RoraimaRoraimense
52%
Rio Grande do NortePotiguar
48%
RondôniaRondoniense
36%
Mato Grosso do SulMato-grossense-do-sul
28%

Distribuição das Pontuações

Percentil de Números Respondidos

Porcentagem de Pessoas com Cada Pontuação

Sua Pontuação Histórica

Você não jogou esse quiz